000 00317nam a22001337a 4500
008 181022b xxu||||| |||| 00| 0 eng d
020 _a9780028649191
041 _aeng
080 _a616.073
100 _a6
101 _aGEN
245 _aBiothics Sex Genetics Human Reproduction
_cReich.W.T
942 _2udc
_cBK
999 _c50502
_d50502